000 00205nam a22000857a 4500
001 1236210
005 20251001145312.0
245 _aYAŞANMIŞ HAYVAN ÖYKÜLER 3
_cGÜLTEN DAYIOĞLU
260 _bALTIN KİTAPLAR
999 _c1236210
_d1236210